| 000 | 01073nam a22001937a 4500 | ||
|---|---|---|---|
| 005 | 20240312121001.0 | ||
| 010 | _aB-757910-914 | ||
| 020 |
_c495.00 _a9788188135820 |
||
| 035 | _aB-757910-914 | ||
| 037 | _bअनुरोध प्रकाशन | ||
| 082 | _a006.3 | ||
| 100 |
_aआनंद, भुवनेश _963119 |
||
| 245 |
_aआर्टिफिशियल इंटेलिजेंस भविष्य की ओर कदम / _cभुवनेश आनंद |
||
| 260 |
_aनई दिल्ली _bअनुरोध प्रकाशन _c2024 |
||
| 270 |
_aडी -75बी , निहाल विहार _bनई दिल्ली _e110041 |
||
| 300 |
_a160 पृष्ट.; _c22सेमी (सजिल्द) |
||
| 942 |
_2ddc _cHN _h006.3 _mआनंद |
||
| 999 |
_c200336 _d200336 |
||